| 000 | 01176cab a2200289 4500 | ||
|---|---|---|---|
| 001 | X1048 | ||
| 008 | 090401t1993 xxu||||| |||| 00| 0 eng d | ||
| 035 | _a(Sirsi) u14413 | ||
| 041 | _aeng | ||
| 245 | _aAshford BC and Ashford Constituency Labour Party | ||
| 260 | _c1993 | ||
| 350 | _a0 | ||
| 490 |
_aPlanning Appeal Decisions _v(1993) 8 PAD 497-504(8) |
||
| 520 | _aInquiry 4-5 November 1992. Decision letter 9 June 1993. Outline applicatio - 28 houses - environmental and highway considerations - structure and local plans - business park - loss of open space land - vehicular activity - aceess visibilities - costs - whether council had to give evidence to justify its refusal to follow officers`recommendatios. | ||
| 650 | _aBUSINESS PARK | ||
| 650 | _aOPEN SPACE | ||
| 650 | _aPLANNING APPEAL | ||
| 650 | _aPLANNING POLICY GUIDANCE NOTE 13 | ||
| 650 | _aPPG17 | ||
| 650 | _aSTRUCTURE PLANS | ||
| 650 | _aTOWN AND COUNTRY PLANNING ACT 1990 S106 | ||
| 650 | _aTOWN AND COUNTRY PLANNING ACT 1990 S78 | ||
| 650 | _aWIMPEY HOLDINGS LTD V SOS ENVIRONMENT AND ANOTHER | ||
| 690 | _aPLANNING LAW AND PRACTICE-CASE LAW | ||
| 942 | _n0 | ||
| 948 | _c04/03/1997 | ||
| 999 |
_c9388 _d9388 |
||